5HLuxD.jpg

KING HENRY VIII SENIOR AND PRIMARY SCHOOL LIBRARY OPAC

Escape from Mr. Lemoncello's library / (Record no. 742)

000 -LEADER
fixed length control field 01485cam a2200373 a 4500
001 - CONTROL NUMBER
control field (Sirsi) a866699
003 - CONTROL NUMBER IDENTIFIER
control field OSt
005 - DATE AND TIME OF LATEST TRANSACTION
control field 20191206091523.0
008 - FIXED-LENGTH DATA ELEMENTS--GENERAL INFORMATION
fixed length control field 141017r20142013nyua c 000 1 eng d
020 ## - INTERNATIONAL STANDARD BOOK NUMBER
International Standard Book Number 9780307931474 (pbk.) :
020 ## - INTERNATIONAL STANDARD BOOK NUMBER
International Standard Book Number 0307931471 (pbk.) :
040 ## - CATALOGING SOURCE
Original cataloging agency YDXCP
Language of cataloging eng
Transcribing agency YDXCP
Modifying agency BDX
-- BTCTA
-- NYP
-- COO
-- TAE
042 ## - AUTHENTICATION CODE
Authentication code nbic
082 ## - DEWEY DECIMAL CLASSIFICATION NUMBER
Classification number FIC GRA
100 1# - MAIN ENTRY--PERSONAL NAME
Personal name Grabenstein, Chris.
Relator term author
245 10 - TITLE STATEMENT
Title Escape from Mr. Lemoncello's library /
Statement of responsibility, etc. Chris Grabenstein.
246 3# - VARYING FORM OF TITLE
Title proper/short title Escape from Mister Lemoncello's library.
250 ## - EDITION STATEMENT
Edition statement 1st Yearling ed.
260 ## - PUBLICATION, DISTRIBUTION, ETC.
Place of publication, distribution, etc. New York :
Name of publisher, distributor, etc. Yearling,
Date of publication, distribution, etc. 2014.
300 ## - PHYSICAL DESCRIPTION
Extent 290, [1] p. :
Other physical details ill. ;
Dimensions 20 cm.
490 ## - SERIES STATEMENT
Series statement Mr. Lemoncello's Library ;
Volume/sequential designation 1
500 ## - GENERAL NOTE
General note Originally published: New York : Random House, 2013.<br/><br/>Formerly CIP
500 ## - GENERAL NOTE
General note "A Yearling book."
500 ## - GENERAL NOTE
General note Includes a Q&A with the author, a bonus puzzle and more.
520 ## - SUMMARY, ETC.
Summary, etc. "Twelve-year-old Kyle gets to stay overnight in the new town library, designed by his hero (the famous gamemaker Luigi Lemoncello), with other students but finds that come morning he must work with friends to solve puzzles in order to escape"--
Assigning source Provided by publisher.
521 0# - TARGET AUDIENCE NOTE
Target audience note Ages 8-12.
650 #0 - SUBJECT ADDED ENTRY--TOPICAL TERM
Topical term or geographic name entry element Libraries
Form subdivision Juvenile fiction.
650 #0 - SUBJECT ADDED ENTRY--TOPICAL TERM
Topical term or geographic name entry element Books and reading
Form subdivision Juvenile fiction.
650 #0 - SUBJECT ADDED ENTRY--TOPICAL TERM
Topical term or geographic name entry element Games
Form subdivision Juvenile fiction.
650 #1 - SUBJECT ADDED ENTRY--TOPICAL TERM
Topical term or geographic name entry element Libraries
Form subdivision Fiction.
650 #1 - SUBJECT ADDED ENTRY--TOPICAL TERM
Topical term or geographic name entry element Books and reading
Form subdivision Fiction.
650 #1 - SUBJECT ADDED ENTRY--TOPICAL TERM
Topical term or geographic name entry element Games
Form subdivision Fiction.
942 ## - ADDED ENTRY ELEMENTS (KOHA)
Source of classification or shelving scheme
Koha item type Books - Fiction
Holdings
Withdrawn status Lost status Source of classification or shelving scheme Damaged status Not for loan Collection code Permanent Location Current Location Shelving location Date acquired Total Checkouts Total Renewals Full call number Barcode Date last seen Date last checked out Price effective from Koha item type
          Fiction KH8 Senior School Library KH8 Senior School Library Fiction 2019-12-06 11 1 FIC GRA 3KHSL000101478 2025-02-13 2025-01-23 2019-12-06 Books - Fiction

Powered By KH8 IT Dept